000 00544nam a2200193Ia 4500
005 20250508152659.0
008 008 250505s9999 xx 000 0 eng d
037 _aTextual
040 _aFEDL
_beng
_cFEDL
041 _aeng
_2eng
084 _a332, MAR
_qFEDL
100 _aMarshall A.H.
_9762131
245 0 _aFinancial administration in local government
260 _aLondon, UK
_bGeorge Allen and Unwin Limited
_c1960
300 _a391p.
650 _aEconomics
942 _cTEXL
_h332, MAR
999 _c1338025
_d1338025